| 000 | 012040000a22002050004500 | ||
|---|---|---|---|
| 020 | _a84-7228-408-5 | ||
| 041 | 0 | _aSPA | |
| 082 | 0 | 4 | _aG 173 I78m |
| 100 | 1 | _aIserte Badenas, Salvador (1907-) | |
| 245 | 1 | 0 | _aEl matrimonio de éxito : La aventura más maravillosa de la vida / Salvador Iserte |
| 260 | _aTerrassa, Barcelona, España : CLIE | ||
| 300 | _a500 Pag. | ||
| 505 | 0 | 0 | _ael descubrimiento del amor -- el dulce misterio de la vida -- la preparación para el matrimonio -- diferentes clases de amor -- López Ibor y el amor -- consejos prácticos para lograr la felicidad conyugal -- las siete columnas del matrimonio feliz -- Toynbee y el amor -- Marañón y el amor -- el decálogo de matrimonio de éxito -- el mayor monstruo, los celos -- de que depende un buen matrimonio -- el triangulo: ¿drama, tragedia o victoria? -- como hacerse amar -- Ortega y Gasset y el amor -- dificultades conyugales y su solución -- el gran secreto del matrimonio feliz -- el hogar feliz -- amor eterno |
| 650 | 1 | 4 | _aFAMILIA CRISTIANA \ AMOR \ MATRIMONIO |
| 001 | 1229 | ||
| 942 | _cBK | ||
| 999 |
_c32552 _d32552 |
||
| 336 |
_atexto _btxt _2rdacontent |
||
| 337 |
_2rdamedia _asin mediación _bn |
||
| 338 |
_2rdacarrier _avolumen _bnc |
||